Les 3 plus grandes Villes de France de A-Z - Statistiques

Statistiques générales
  • Ce quiz a été pris 168 fois
    107 depuis la dernière actualisation
  • Le résultat moyen est 39 sur 62
Statistiques - réponses
Lettre Ville Population Département % Correct
B Bordeaux 261 804 33 – Gironde
96%
C Caen 108 200 14 – Calvados
93%
P Paris 2 113 705 75 – Paris
91%
B Brest 139 619 29 – Finistère
90%
L Lyon 522 250 69 – Rhône
90%
A Angers 157 175 49 – Maine-et-Loire
89%
L Lille 236 710 59 – Nord
89%
M Marseille 873 076 13 – Bouches-du-Rhône
89%
N Nice 348 085 06 – Alpes-Maritimes
89%
M Montpellier 302 454 34 – Hérault
88%
N Nantes 323 204 44 – Loire-Atlantique
88%
T Toulouse 504 078 31 – Haute-Garonne
86%
A Amiens 133 625 80 – Somme
85%
G Grenoble 157 477 38 – Isère
85%
C Clermont-Ferrand 147 327 63 – Puy-de-Dôme
84%
D Dijon 159 346 21 – Côte-d'Or
84%
R Rennes 225 081 35 – Ille-et-Vilaine
84%
S Strasbourg 291 313 67 – Bas-Rhin
83%
O Orléans 116 617 45 – Loiret
80%
R Reims 179 380 51 – Marne
79%
R Rouen 114 083 76 – Seine-Maritime
79%
D Dunkerque 86 788 59 – Nord
78%
T Toulon 180 452 83 – Var
78%
Q Quimper 63 642 29 – Finistère
76%
A Aix-en-Provence 147 478 13 – Bouches-du-Rhône
74%
E Evry-Courcouronnes 66 700 91 – Essonne
74%
F Fort-de-France 74 921 972 – Martinique
74%
N Nîmes 148 104 30 – Gard
74%
M Metz 120 874 57 – Moselle
73%
S Saint-Étienne 172 718 42 – Loire
73%
P Perpignan 119 656 66 – Pyrénées-Orientales
71%
S Saint-Denis 113 942 93 – Seine-Saint-Denis
71%
T Tours 137 658 37 – Indre-et-Loire
71%
L Le Havre 166 058 76 – Seine-Maritime
68%
E Evreux 48 335 27 – Eure
66%
B Boulogne-Billancourt 119 808 92 – Hauts-de-Seine
65%
P Poitiers 90 240 86 – Vienne
65%
V Villeurbanne 156 928 69 – Rhône
61%
F Fréjus 57 082 83 – Var
60%
C Créteil 92 989 94 – Val-de-Marne
59%
V Versailles 83 587 78 – Yvelines
59%
H Hyères 55 103 83 – Var
58%
I Issy-les-Moulineaux 68 580 92 – Hauts-de-Seine
46%
K Kourou 24 612 973 – Guyane
46%
O Orange 28 949 84 – Vaucluse
43%
I Istres 44 577 13 – Bouches-du-Rhône
39%
G Grasse 48 323 06 – Alpes-Maritimes
38%
I Ivry-sur-Seine 64 001 94 – Val-de-Marne
38%
D Drancy 71 363 93 – Seine-Saint-Denis
36%
H Haguenau 35 715 67 – Bas-Rhin
34%
J Joué-lès-Tours 38 183 37 – Indre-et-Loire
34%
V Vitry-sur-Seine 96 205 94 – Val-de-Marne
31%
W Wattrelos 40 836 59 – Nord
29%
J Juvisy-sur-Orge 18 424 91 – Essonne
28%
Y Yerres 28 699 91 – Essonne
28%
O Orvault 27 872 44 – Loire-Atlantique
24%
G Gennevilliers 49 410 92 – Hauts-de-Seine
20%
H Houilles 33 449 78 – Yvelines
20%
J Joinville-le-Pont 20 413 94 – Val-de-Marne
20%
F Fontenay-sous-Bois 51 812 94 – Val-de-Marne
16%
E Ermont 28 987 95 – Val-d'Oise
15%
W Wasquehal 20 836 59 – Nord
14%
Aucun quiz correspondant
Distribution des résultats
% des personnes avec chaque résultat
Percentile par nombre de réponses
Votre historique - résultats
Vous n’avez pas pris ce quiz depuis la dernière actualisation